[Event "ZN-2011-0-01395"]
[Site "LSS email"]
[Date "2011.03.18"]
[Round "?"]
[White "Aydinoff, Cagakhan"]
[Black "Newton, Daryl"]
[Result "0-1"]
[WhiteElo "800"]
[BlackElo "503"]
[PlyCount "60"]
[EventDate "2011.03.15"]
[EventType "match (corr)"]
[EventRounds "2"]
[EventCountry "GER"]
[SourceTitle "Telechess CBM 147"]
[Source "ChessBase"]
[SourceDate "2012.03.16"]
[SourceVersion "1"]
[SourceVersionDate "2012.03.16"]
[SourceQuality "1"]

1. c4 d6 2. Nc3 Nd7 3. g3 g6 4. Bg2 Bg7 5. e3 e6 6. Nge2 Ne7 7. 0-0 Rb8 8. d4 a6 9. b3 c6 10. Bb2 b5 11. cxb5 axb5 12. Ne4 Nf5 13. Rc1 d5 14. Nc5 Nxc5 15. Rxc5 Bd7 16. Qa1 Nh6 17. a4 Qg5 18. axb5 cxb5 19. e4 0-0 20. exd5 exd5 21. Rxd5 Qg4 22. f3 Qe6 23. Nf4 Qe3+ 24. Kh1 Be6 25. Nxe6 Qxe6 26. f4 Ng4 27. Rc5 Qe2 28. Rcc1 Ne3 29. Rg1 b4 30. Rce1 Qd3 0-1

[Event "ZN-2011-0-01395"]
[Site "LSS email"]
[Date "2011.03.18"]
[Round "?"]
[White "Newton, Daryl"]
[Black "Aydinoff, Cagakhan"]
[Result "1-0"]
[WhiteElo "503"]
[BlackElo "800"]
[PlyCount "63"]
[EventDate "2011.03.15"]
[EventType "match (corr)"]
[EventRounds "2"]
[EventCountry "GER"]
[SourceTitle "Telechess CBM 147"]
[Source "ChessBase"]
[SourceDate "2012.03.16"]
[SourceVersion "1"]
[SourceVersionDate "2012.03.16"]
[SourceQuality "1"]

1. e3 e5 2. Ne2 d5 3. d3 c5 4. Nd2 Nc6 5. g3 Nf6 6. Bg2 Be6 7. Kf1 Be7 8. c3 Qd7 9. a3 Bh3 10. Rg1 h5 11. Ke1 h4 12. Nf3 hxg3 13. Nxg3 0-0-0 14. Ng5 Be6 15. Qe2 Ng4 16. h3 Bxg5 17. hxg4 Bxg4 18. f3 Bh3 19. Kd1 Bxg2 20. Rxg2 Bh4 21. Kc2 Bxg3 22. Rxg3 Rh7 23. Rg4 Rdh8 24. Kb1 Rh2 25. Qd1 f5 26. Ra4 Rh1 27. Qb3 Rf1 28. f4 Rhh1 29. Ka2 Rxc1 30. Rxc1 Rxc1 31. Qb5 Nb4+ 32. Rxb4 1-0